000
00257nam a2200097Ia 4500
001
1111744
005
20250827003917.0
008
250824s9999 xx 000 0 und d
245
0
_a
İLETİŞİMSİZLİK BECERİ
_c
A.KADİR ÖZER
260
_b
SİSTEM YAYINCILIK
999
_c
1111744
_d
1111744